000 00876cab a2200265 4500
001 ABS52768
008 090401t1995 xxu||||| |||| 00| 0 eng d
035 _a(Sirsi) u25
041 _aeng
100 _aAvis, L.
245 _aDoing dirty busines
260 _c1995
350 _a0
490 _aEstates Times
_v(1277) 28 April 1995, 6(1)
520 _aReviews RICS guidance on contaminated land and attempts to identify the surveyors` role in dealing with contaminated land. Particularly warns on insurance cover for this sort of work.
650 _aABOUT RICS-RICS MEMBERS
650 _aCONTAMINATED LAND
650 _aLAND QUALITY STATEMENTS
650 _aPROFESSIONAL INDEMNITY INSURANCE
690 _aENVIRONMENTAL AND LAND CONSULTANCY
690 _aLAND
690 _aMANAGEMENT-BUSINESS MANAGEMENT-PROFESSIONAL PRACTICE
942 _n0
948 _c04/03/1997
999 _c9
_d9